इक्कीसवीं सदी का विज्ञान / (Record no. 14166)

MARC details
000 -LEADER
fixed length control field 01156nam a22002417a 4500
005 - DATE AND TIME OF LATEST TRANSACTION
control field 2008070103563.0
008 - FIXED-LENGTH DATA ELEMENTS--GENERAL INFORMATION
fixed length control field 080701t xxu||||| |||| 00| 0 hin d
010 ## - LIBRARY OF CONGRESS CONTROL NUMBER
LC control number HIN-83710
020 ## - INTERNATIONAL STANDARD BOOK NUMBER
International Standard Book Number 8181130286
Terms of availability 100.00
035 ## - SYSTEM CONTROL NUMBER
System control number HN-56056
037 ## - SOURCE OF ACQUISITION
Source of stock number/acquisition DBAD / PUB
040 ## - CATALOGING SOURCE
Original cataloging agency DPL
Language of cataloging HN
082 ## - DEWEY DECIMAL CLASSIFICATION NUMBER
Classification number 500
100 ## - MAIN ENTRY--PERSONAL NAME
Personal name सिन्हा, साधुशरण
245 ## - TITLE STATEMENT
Title इक्कीसवीं सदी का विज्ञान /
Statement of responsibility, etc साधुशरण सिन्हा
246 ## - VARYING FORM OF TITLE
Title proper/short title Ikeesvi sadi ka vigyan
Remainder of title by Sadhusharan Sinha
260 ## - PUBLICATION, DISTRIBUTION, ETC. (IMPRINT)
Place of publication, distribution, etc दिल्ली
Name of publisher, distributor, etc गंगा प्रकाशन
Date of publication, distribution, etc 2007
270 ## - ADDRESS
Address 518/6-बी, कड़कड़ी रोड, विश्वास नगर शाहदरा
City दिल्ली
Postal code 110032
300 ## - PHYSICAL DESCRIPTION
Extent 96पृ
Dimensions 22सेमी(सजिल्द)
Other physical details सचित्र
650 ## - SUBJECT ADDED ENTRY--TOPICAL TERM
Topical term or geographic name as entry element Science
942 ## - ADDED ENTRY ELEMENTS (KOHA)
Koha item type Hindi Books
Source of classification or shelving scheme Dewey Decimal Classification
Classification part 500
Call number suffix सिन्हासा
Holdings
Withdrawn status Lost status Damaged status Not for loan Collection code Home library Current library Date acquired Source of acquisition Cost, normal purchase price Total Checkouts Full call number Barcode Date last seen Copy number Cost, replacement price Price effective from Koha item type
      Not For Loan Non-fiction D.B.Act.Division D.B.Act.Division 01/07/2008 पु.प्र.अ.प्र /प्रका 100.00   500 सिन्हासा HN-56056 15/09/2008 1 100.00 15/09/2008 Hindi Books

© Delhi Public Library
Hit Counter
free hit counter